00864cam a2200241 a 450000100100000000500170001000800410002704000290006808200180009710000450011524500510016026000350021130000270024649000460027365000290031965000310034883000550037991000330043491000070046704900090047495201220048399900170060500001973420200929170123.0800402s1968 sp 001 p spa d aDO-SdBNPbspacLCdBNPHU a861.64bG216a1 aGarciasol, Ramón de,d1913-199494158210aApelación al tiempo /cRamón de Garciasol. aMadrid :bEspasa-Calpe,c1968. a147, [16] p. ;c18 cm.1 aAustral. Violeta: teatro y poesíav1430 4aPoesía española9631 4aLiteratura española9632 0aAustral.pVioleta: teatro y poesía;v1430939559 aCatalogación derivada / LC aWM aBNGR 001054708MOaGRbGRcHDd2010-07-05iLF1l0o861.64 G216ap19734-10r2020-06-25w2020-06-25y4ZPréstamo en sala c19248d19248